| 000 | 00798nam a22002177a 4500 | ||
|---|---|---|---|
| 999 |
_c9261 _d9261 |
||
| 003 | AR-CdUCM | ||
| 008 | 190327b ||||| |||| 00| 0 spa d | ||
| 020 | _a91-7282-237-6 | ||
| 040 |
_aMUNICIPALIDAD PROVINCIAL DEL CUSCO _cBIBLIOTECA MUNICIPAL DEL CUSCO |
||
| 082 |
_a491 / _bB68 |
||
| 100 |
_aBodegard, Anders _925349 |
||
| 245 | _aTank verb efter + pastikel = partikelverb / | ||
| 260 |
_aStockholm : _bStatens institut for laromedel, _c1991. |
||
| 300 |
_a88 paginas ; _bIlustraciones, _c34 cm. |
||
| 505 | _aContenido :riktningsadverb som partiklar -- Prepositioner som partiklar -- Flera prepositioner som partiklar -- flera adverb som partiklar... | ||
| 650 |
_aEstocolmo _925350 |
||
| 650 |
_aVerbos _925351 |
||
| 650 |
_aPreposiciones _925352 |
||
| 942 |
_2ddc _cLIBROS |
||
| 945 | _awnts | ||